Les Criminels : (Record no. 74554)
[ view plain ]
| 000 -LEADER | |
|---|---|
| fixed length control field | 01017nam a2200301 i 4500 |
| 003 - CONTROL NUMBER IDENTIFIER | |
| control field | EG-GICUC |
| 005 - DATE AND TIME OF LATEST TRANSACTION | |
| control field | 20260430150526.0 |
| 008 - FIXED-LENGTH DATA ELEMENTS--GENERAL INFORMATION | |
| fixed length control field | 260430s1900 fr a f |||| 00| 0 fre d |
| 040 ## - CATALOGING SOURCE | |
| Original cataloging agency | EG-GiCUC |
| Language of cataloging | fre |
| Transcribing agency | EG-GiCUC |
| Modifying agency | EG-GiCUC |
| Description conventions | Rda |
| 041 ## - LANGUAGE CODE | |
| Language code of text/sound track or separate title | fre |
| 082 04 - DEWEY DECIMAL CLASSIFICATION NUMBER | |
| Edition number | 21 |
| Classification number | 343.66 |
| Item number | PE . C |
| 092 04 - LOCALLY ASSIGNED DEWEY CALL NUMBER (OCLC) | |
| Edition number | 21 |
| 099 ## - LOCAL FREE-TEXT CALL NUMBER (OCLC) | |
| Classification number | Law1 10 343.66 PE . C 1900 1011381 C1 |
| 100 1# - MAIN ENTRY--PERSONAL NAME | |
| Personal name | Perrier, Charles |
| Relator term | Auteur |
| 245 14 - TITLE STATEMENT | |
| Title | Les Criminels : |
| Remainder of title | Etude Concernant Såg Condamnés / |
| Statement of responsibility, etc. | Par Charles Perrier. |
| 264 #1 - PRODUCTION, PUBLICATION, DISTRIBUTION, MANUFACTURE, AND COPYRIGHT NOTICE | |
| Place of production, publication, distribution, manufacture | Lyon , |
| -- | Paris : |
| Name of producer, publisher, distributor, manufacturer | A. Storck Et C. Eotecas : |
| -- | Masson Et Loitera, |
| Date of production, publication, distribution, manufacture, or copyright notice | 1900. |
| 300 ## - PHYSICAL DESCRIPTION | |
| Extent | 378 page : |
| Other physical details | illustration ; |
| Dimensions | 24 cm. |
| 336 ## - CONTENT TYPE | |
| Source | rda contenu |
| Content type term | texte |
| 337 ## - MEDIA TYPE | |
| Source | rda medias |
| Media type term | Ordinateur |
| 338 ## - CARRIER TYPE | |
| Source | transporteur rda |
| Carrier type term | Ressource en ligne |
| 490 0# - SERIES STATEMENT | |
| Materials specified | Bibliothèque De Criminologie ; |
| Volume/sequential designation | 22 |
| 546 ## - LANGUAGE NOTE | |
| Language note | Texte en français |
| 650 14 - SUBJECT ADDED ENTRY--TOPICAL TERM | |
| Topical term or geographic name entry element | Droit pénal |
| 650 14 - SUBJECT ADDED ENTRY--TOPICAL TERM | |
| Topical term or geographic name entry element | Criminels |
| General subdivision | Condamnés |
| 856 40 - ELECTRONIC LOCATION AND ACCESS | |
| Uniform Resource Identifier | <a href="https://fll.law.cu.edu.eg/fulltext/bks/B10-11381.pdf">https://fll.law.cu.edu.eg/fulltext/bks/B10-11381.pdf</a> |
| 905 ## - Cataloger and Reviser Names | |
| Cataloger Name: | Mohamed Yosri |
| 942 ## - ADDED ENTRY ELEMENTS (KOHA) | |
| Source of classification or shelving scheme | Dewey Decimal Classification |
| Koha item type | Books |
| Edition | 21 |
| Suppress in OPAC | No |
| Withdrawn status | Lost status | Source of classification or shelving scheme | Damaged status | Not for loan | Collection | Home library | Current library | Date acquired | Total checkouts | Full call number | Barcode | Date last seen | Copy number | Price effective from | Koha item type |
|---|---|---|---|---|---|---|---|---|---|---|---|---|---|---|---|
| Dewey Decimal Classification | Not for loan | القانون الجنائي | جــــامعة القــاهرة | مكتبة كلية الحقوق - المبنى الرئيسي | 30.04.2026 | Law1 10 343.66 PE . C 1900 1011381 C1 | B10-11381 | 30.04.2026 | 1 | 30.04.2026 | Books |